Statistics for Top 20 Packers Players Ever

Click here to take the quiz!

General Stats

  • This quiz has been taken 58 times
  • The average score is 9 of 20

Answer Stats

PositionPlayer% Correct
QBAaron Rodgers
100%
QBBrett Favre
100%
QBBart Starr
94%
EDGEReggie White
77%
SWillie Wood
75%
CBCharles Woodson
73%
WRDonald Driver
71%
WRDon Hutson
65%
LBRay Nitschke
46%
HBPaul Hornung
42%
WRSterling Sharpe
40%
OTForrest Gregg
31%
FBJim Taylor
31%
WRJames Lofton
25%
IOLJerry Kramer
17%
CBHerb Adderley
15%
SLeRoy Butler
15%
QBArnie Herber
8%
DTHenry Jordan
4%
CJim Ringo
4%

Score Distribution

Percentile by Number Answered

Percent of People with Each Score

Your Score History

You have not taken this quiz